How to defeat demons : (Record no. 10949)

MARC details
000 -LEADER
fixed length control field 01127nam a2200337 a 4500
001 - CONTROL NUMBER
control field 2490507
003 - CONTROL NUMBER IDENTIFIER
control field GBCCL
005 - DATE AND TIME OF LATEST TRANSACTION
control field 20251022130823.0
008 - FIXED-LENGTH DATA ELEMENTS--GENERAL INFORMATION
fixed length control field 911118s1992 caua b 001 0 eng
020 ## - INTERNATIONAL STANDARD BOOK NUMBER
International Standard Book Number 0962439878 (pbk.) :
Terms of availability $8.95
020 ## - INTERNATIONAL STANDARD BOOK NUMBER
International Standard Book Number 978189392100X
020 ## - INTERNATIONAL STANDARD BOOK NUMBER
International Standard Book Number 9780962439872
035 ## - SYSTEM CONTROL NUMBER
System control number 2490507
040 ## - CATALOGING SOURCE
Original cataloging agency DLC
Transcribing agency DLC
082 00 - DEWEY DECIMAL CLASSIFICATION NUMBER
Classification number 235.4
Edition information 20
Item number MUR 1
100 1# - MAIN ENTRY--PERSONAL NAME
Personal name Murphy, Jim
Fuller form of name (James O.)
245 10 - TITLE STATEMENT
Title How to defeat demons :
Remainder of title an international manual /
Statement of responsibility, etc. Jim and Carolyn Murphy.
260 ## - PUBLICATION, DISTRIBUTION, ETC.
Place of publication, distribution, etc. Blue Jay, CA. :
Name of publisher, distributor, etc. Hundredfold press,
Date of publication, distribution, etc. 2007, c1992.
300 ## - PHYSICAL DESCRIPTION
Extent x, 212 p. :
Other physical details ill. ;
Dimensions 22 cm.
336 ## - CONTENT TYPE
Content type term text
Content type code txt
Source rdacontent
337 ## - MEDIA TYPE
Media type term unmediated
Media type code n
Source rdamedia
338 ## - CARRIER TYPE
Carrier type term volume
Carrier type code nc
Source rdacarrier
504 ## - BIBLIOGRAPHY, ETC. NOTE
Bibliography, etc. note Includes bibliographical references (p. 199-200) and index.
650 #0 - SUBJECT ADDED ENTRY--TOPICAL TERM
Topical term or geographic name entry element Demonology.
650 #0 - SUBJECT ADDED ENTRY--TOPICAL TERM
Topical term or geographic name entry element Exorcism.
700 1# - ADDED ENTRY--PERSONAL NAME
Personal name Murphy, Carolyn.
906 ## - LOCAL DATA ELEMENT F, LDF (RLIN)
a 7
b cbc
c orignew
d 1
e opcn
f 19
g y-gencatlg
942 ## - ADDED ENTRY ELEMENTS (KOHA)
Source of classification or shelving scheme Dewey Decimal Classification
Koha item type Books
Suppress in OPAC No
Holdings
Withdrawn status Lost status Source of classification or shelving scheme Damaged status Not for loan Home library Current Library Shelving location Date acquired Total checkouts Full call number Barcode Date last seen Copy number Price effective from Koha item type
    Dewey Decimal Classification     GRACE BIBLE COLLEGE GRACE BIBLE COLLEGE Theology 2025-10-22   235.4 MUR 017154 2025-10-22 c.1 2025-10-22 Books
    Dewey Decimal Classification     GRACE BIBLE COLLEGE GRACE BIBLE COLLEGE Theology 2025-10-22   235.4 MUR 017155 2025-10-22 c.2 2025-10-22 Books
    Dewey Decimal Classification     GRACE BIBLE COLLEGE GRACE BIBLE COLLEGE Theology 2025-10-22   235.4 MUR 017156 2025-10-22 c.3 2025-10-22 Books
    Dewey Decimal Classification     GRACE BIBLE COLLEGE GRACE BIBLE COLLEGE Theology 2025-10-22   235.4 MUR 017157 2025-10-22 c.4 2025-10-22 Books
    Dewey Decimal Classification     GRACE BIBLE COLLEGE GRACE BIBLE COLLEGE Theology 2025-10-22   235.4 MUR 017158 2025-10-22 c.5 2025-10-22 Books
© Grace Bible College Library 2025